Věstník Federálního úřadu pro normalizaci a měření

Guardado en:
Detalles Bibliográficos
Formato: Seriadas
Lenguaje:checo
Publicado: Praha Fed. úřad pro normalizaci
Etiquetas: Agregar Etiqueta
Sin Etiquetas, Sea el primero en etiquetar este registro!

MARC

LEADER 00000nas1a22000001 4500
001 s120907
005 20230510115945.8
041 0 |a cze 
044 |a CZ 
245 1 0 |a Věstník Federálního úřadu pro normalizaci a měření 
264 1 |a Praha  |b Fed. úřad pro normalizaci